Analysis of Engineering Economics (Record no. 13939)
[ view plain ]
| 000 -LEADER | |
|---|---|
| fixed length control field | 00341nam a2200133Ia 4500 |
| 008 - FIXED-LENGTH DATA ELEMENTS--GENERAL INFORMATION | |
| fixed length control field | 221030s9999 xx 000 0 und d |
| 041 ## - LANGUAGE CODE | |
| Language code of text/sound track or separate title | |
| 100 ## - MAIN ENTRY--AUTHOR NAME | |
| Personal name | S. P. Gupta |
| 245 #0 - TITLE STATEMENT | |
| Title | Analysis of Engineering Economics |
| Statement of responsibility, etc | by S. P. Gupta |
| 260 ## - PUBLICATION, DISTRIBUTION, ETC. (IMPRINT) | |
| Name of publisher | Malhotra Borthers |
| Place of publication | JAMMU |
| Year of publication | 2008 |
| 300 ## - PHYSICAL DESCRIPTION | |
| Number of Pages | 322 |
| 650 ## - SUBJECT ADDED ENTRY--TOPICAL TERM | |
| Topical Term | BE Economics |
| 942 ## - ADDED ENTRY ELEMENTS (KOHA) | |
| Koha item type | Books |
| Accession Number | Cost, normal purchase price | Source of acquisition | Price effective from | Koha item type | Withdrawn / writtenoff status | Materials specified (bound volume or other part) | Damaged status | Not for loan | Permanent Location | Current Location | Shelving location | Date acquired | Lost/ Missing status | department |
|---|---|---|---|---|---|---|---|---|---|---|---|---|---|---|
| BE 12678 | 250.00 | Gifted | 10/30/2022 | Books | MIET Library, Jammu | MIET Library, Jammu | BL-Academic Block B, FL-2, CUP-89, SH-4, R-4 | 12/03/2012 | BE |